Kybernetika není bezpečnost. Ale bezpečnost může být i kybernetická
Ochrana dát v kyberpriestore. Tri základné kvalitatívne atribúty bezpečnosti informácií. Abstraktný model bezpečnosti. Vzťah medzi kľúčovými komponentmi v modeli.
Uložené v:
| Hlavný autor: | |
|---|---|
| Médium: | Kapitola |
| Jazyk: | Czech |
| Predmet: | |
| Tagy: |
Žiadne tagy, Buďte prvý, kto otaguje tento záznam!
|
MARC
| LEADER | 00000naa a2200000 4500 | ||
|---|---|---|---|
| 001 | 0312435 | ||
| 005 | 20250924131151.3 | ||
| 041 | 0 | |a cze | |
| 044 | |a CZ | ||
| 245 | 1 | 0 | |a Kybernetika není bezpečnost. Ale bezpečnost může být i kybernetická |c Ivan Makatura |
| 520 | |a Ochrana dát v kyberpriestore. Tri základné kvalitatívne atribúty bezpečnosti informácií. Abstraktný model bezpečnosti. Vzťah medzi kľúčovými komponentmi v modeli. | ||
| 610 | 2 | 0 | |a bezpečnosť kybernetická |
| 610 | 2 | 0 | |a hrozby kybernetické |
| 610 | 2 | 0 | |a ochrana informácií |
| 610 | 2 | 0 | |a stratégia bezpečnostná |
| 610 | 2 | 0 | |a modely |
| 100 | 1 | |a Makatura, Ivan | |